|
|
|
|
| LEADER |
01480nam a22003734a 4500 |
| 001 |
35614 |
| 003 |
BD-DhAAL |
| 005 |
20211205124122.0 |
| 008 |
191111r20052004enka b 001 0 eng |
| 999 |
|
|
|c 41783
|d 41783
|
| 010 |
|
|
|a 2004090752
|
| 020 |
|
|
|a 1412902169
|
| 020 |
|
|
|a 1412902177 (pbk.)
|
| 020 |
|
|
|a 9781412902175
|
| 040 |
|
|
|a DLC
|c DLC
|d DLC
|d BD-DhAAL
|
| 042 |
|
|
|a pcc
|
| 050 |
0 |
0 |
|a LB3013
|b .H6745 2004
|
| 082 |
0 |
0 |
|a 371.94
|2 22
|
| 245 |
0 |
0 |
|a How to manage children's challenging behaviour /
|c edited by Bill Rogers.
|
| 246 |
3 |
0 |
|a Children's challenging behaviour
|
| 260 |
|
|
|a London :
|b Paul Chapman Pub. ;
|a Thousand Oaks, Calif. :
|b Sage Publications,
|c 2004.
|
| 300 |
|
|
|a xiv, 132 pages :
|b illustrations ;
|c 24 cm.
|
| 504 |
|
|
|a Includes bibliographical references (pages 128-129) and indexes.
|
| 526 |
|
|
|a BIED
|
| 541 |
|
|
|a Complimentary copy from BIED
|e 35614
|
| 650 |
|
0 |
|a Classroom management.
|9 36947
|
| 650 |
|
0 |
|a Problem children
|x Behavior modification.
|9 36948
|
| 650 |
|
0 |
|a Problem children
|x Education.
|9 36949
|
| 650 |
|
0 |
|a Behavior disorders in children.
|9 36950
|
| 650 |
|
0 |
|a Social science
|9 36951
|
| 700 |
1 |
|
|a Rogers, Bill,
|d 1947-
|9 36952
|
| 852 |
|
|
|a Ayesha Abed Library
|c BIED Collection
|
| 942 |
|
|
|2 ddc
|c BK
|
| 952 |
|
|
|0 0
|1 0
|2 ddc
|4 0
|6 371_940000000000000_HOW
|7 0
|9 67102
|a BRACUL
|b BRACUL
|c GEN
|d 2019-11-11
|e Complimentary copy from BIED
|l 1
|o 371.94 HOW
|p 3010035614
|r 2020-03-09
|s 2020-03-02
|t 1
|w 2019-11-11
|y BK
|x Transferred from BIED to General Stacks
|